Surrender to seduction /

Сохранить в:
Библиографические подробности
Главный автор: Donald, Robyn
Формат:
Опубликовано: Great Britain : Mills & boon , c1998.
Предметы:
Метки: Добавить метку
Нет меток, Требуется 1-ая метка записи!

MARC

LEADER 00000nam a2200000 4500
020 |a 026381436X  |c TZS 5,000/= 
040 |a MUL  |b eng  |e AACR 
082 |a F DON 
100 |a Donald, Robyn 
245 |a Surrender to seduction /  |c  Robyn Donald 
260 |a Great Britain :  |b Mills & boon ,  |c c1998. 
300 |a 187 p . :  |c 13 cm. 
546 |a eng. 
650 |a Seduction  
942 |c BK 
999 |c 6568  |d 6568